| 000 | 01111 a2200241 4500 | ||
|---|---|---|---|
| 001 | 44921 | ||
| 005 | 20260407155724.0 | ||
| 008 | 260407a1991 arg spa d | ||
| 003 | AR-UNSa-BCEJYS | ||
| 040 |
_aAR-UNSa-BCEJYS _bspa _cAR-UNSa-BCEJYS |
||
| 080 |
_a504 _xCiencias del medio ambiente. Ciencias medioambientales |
||
| 245 | 1 | 0 |
_aNuestra propia agenda sobre desarrollo y medio ambiente _pinforme |
| 020 | _a968-16-3575-2 | ||
| 250 | _a2a. ed. | ||
| 264 | 1 |
_aWashington : _bBanco Interamericano de Desarrollo _c1991 |
|
| 300 |
_a102 p. _c28 cm. |
||
| 505 | _a1. Introducción – 2. El impacto del deterioro ambiental en la sociedad y en la economía – 3. Recursos naturales, medio ambiente y desarrollo – 4. Estrategias para un desarrollo sustentable – 5. Un nuevo pacto internacional para el desarrollo sustentable | ||
| 041 | _aspa | ||
| 942 | _cBK | ||
| 590 | _aniveau_biblio:m niveau_hierar:0 | ||
| 100 | 1 | _aComisión de Desarrollo y Medio Ambiente de América Latina y el Caribe | |
| 856 | 4 | 1 |
_uhttps://www.biblioeco.unsa.edu.ar/pmb/images/libros/L127044.jpg _yImagen de portada _qimage/jpeg |
| 999 |
_c3860 _d3860 |
||